000 00584nam a2200217Ia 4500
003 OSt
005 20220926042345.0
006 a|||||r|||| 00| 0
007 ta
008 220923b |||||||| |||| 00| 0 eng d
037 _cGeneral Book
040 _aRTL
_cRTL
_beng
041 _2eng
_aeng
082 _aY:4353.262.N4, J4
100 _aGhosh Kali-charan
_9101754
245 0 _aFamines in Bengal 1770-1943
260 _c1954
650 _aFamine and Drought
_9232545
942 _hY:4353.262.N4, J4
_cGB
_2CC
999 _c669512
_d669512